书目信息 |
| 题名: |
物理新课程实践中的教师角色
|
|
| 作者: | 冯杰 编著 | |
| 分册: | ||
| 出版信息: | 广州 广东科技出版社 2005 |
|
| 页数: | 186页 | |
| 开本: | 21cm | |
| 丛书名: | ||
| 单 册: | ||
| 中图分类: | G633.7 , G633.72 | |
| 科图分类: | ||
| 主题词: | 物理--课堂教学--教学研究--中学 , 课堂教学 , 教学研究 , 物理 , 教育--各级 | |
| 电子资源: | ||
| ISBN: | 7-5359-3948-1 | |
| 000 | 00992nam0 2200313 450 | |
| 001 | 1357091531 | |
| 005 | 20131010155211.95 | |
| 010 | @a7-5359-3948-1@dCNY13.00 | |
| 090 | @aG633.7@bfj | |
| 096 | @aG633.72@bfj | |
| 100 | @a20050317d2005 em y0chiy50 ea | |
| 101 | 0 | @achi |
| 102 | @aCN@b440000 | |
| 105 | @ay z 000yy | |
| 106 | @ar | |
| 200 | 1 | @a物理新课程实践中的教师角色@b专著@f冯杰编著@Awu li xin ke cheng shi jian zhong de jiao shi jue se |
| 210 | @a广州@c广东科技出版社@d2005 | |
| 215 | @a186页@d21cm | |
| 330 | @a本书内容包括:物理新课程与物理课堂教学技能、物理课堂教学语言技能、物理课堂教学导入技能、物理课堂教学讲解技能等。 | |
| 606 | 0 | @a物理@x课堂教学@x教学研究@x中学 |
| 606 | 0 | @a课堂教学 |
| 606 | 0 | @a教学研究 |
| 606 | 0 | @a物理 |
| 606 | 0 | @a教育@x各级 |
| 690 | @aG633.7@v4 | |
| 690 | @aG633.72@v4 | |
| 701 | 0 | @a冯杰@c(物理)@4编著@Afeng jie |
| 801 | 0 | @aCN@b大连网信软件有限公司图书馆·11@c20131010 |
| 905 | @aZUCC@dG633.72@e418 | |
| 物理新课程实践中的教师角色/冯杰编著.-广州:广东科技出版社,2005 |
| 186页;21cm |
| ISBN 7-5359-3948-1:CNY13.00 |
| 本书内容包括:物理新课程与物理课堂教学技能、物理课堂教学语言技能、物理课堂教学导入技能、物理课堂教学讲解技能等。 |
| ● |
| 相关链接 |
|
|
|
|
正题名:物理新课程实践中的教师角色
索取号:G633.72/418
 
预约/预借
| 序号 | 登录号 | 条形码 | 馆藏地/架位号 | 状态 | 备注 |
| 1 | 0625734 | 206257343 | 第一样本阅览室/ [索取号:G633.72/418] | 在馆 | |
| 2 | 0625735 | 206257352 | 第四借阅区/ [索取号:G633.72/418] | 在馆 | |
| 3 | 0625736 | 206257361 | 第四借阅区/ [索取号:G633.72/418] | 在馆 | |
| 4 | 0625737 | 206257370 | 第四借阅区/ [索取号:G633.72/418] | 在馆 | |
| 5 | 0625738 | 206257389 | 第四借阅区/ [索取号:G633.72/418] | 在馆 | |
| 6 | 0625739 | 206257398 | 第四借阅区/ [索取号:G633.72/418] | 在馆 | |
| 7 | 0625740 | 206257405 | 第四借阅区/ [索取号:G633.72/418] | 在馆 | |
| 8 | 0625741 | 206257414 | 第四借阅区/ [索取号:G633.72/418] | 在馆 | |
| 9 | 0625742 | 206257423 | 第四借阅区/ [索取号:G633.72/418] | 在馆 | |
| 10 | 0625743 | 206257432 | 第四借阅区/ [索取号:G633.72/418] | 在馆 |